000 01017cam a2200265 a 4500
999 _c23900
_d23900
001 3015552
005 20170127114341.0
008 940726s1995 ctua b 001 0 eng
010 _a 94030637
020 _a0300060106
040 _aDLC
_cDLC
_dDLC
050 0 0 _aND673.R9
_bA79 1995
100 1 _aAlpers, Svetlana.
245 1 4 _aThe making of Rubens /
_cSvetlana Alpers.
260 _aNew Haven :
_bYale University Press,
_cc1995.
300 _aviii, 178 p. :
_bill. (some col.) ;
_c22 cm.
504 _aIncludes bibliographical references (p. 158-174) and index.
600 1 0 _aRubens, Peter Paul,
_d1577-1640
_xCriticism and interpretation.
906 _a7
_bcbc
_corignew
_d1
_eocip
_f19
_gy-gencatlg
942 _2lcc
_cBOOKS
_hND 673 .R9A79 1995